<?xml version="1.0" encoding="UTF-8"?>
<record
    xmlns:xsi="http://www.w3.org/2001/XMLSchema-instance"
    xsi:schemaLocation="http://www.loc.gov/MARC21/slim http://www.loc.gov/standards/marcxml/schema/MARC21slim.xsd"
    xmlns="http://www.loc.gov/MARC21/slim">

  <leader>00651nam a22002297a 4500</leader>
  <controlfield tag="003">UA-OsUOA</controlfield>
  <controlfield tag="001"> 62481 </controlfield>
  <controlfield tag="007">ta</controlfield>
  <controlfield tag="008">20090831b un ||||| |||| 00| 0 ukr d</controlfield>
  <datafield tag="090" ind1=" " ind2=" ">
    <subfield code="a">908</subfield>
    <subfield code="b">&#x41C;34</subfield>
  </datafield>
  <datafield tag="942" ind1=" " ind2=" ">
    <subfield code="c">BK</subfield>
  </datafield>
  <datafield tag="040" ind1=" " ind2=" ">
    <subfield code="a">UA-OsUOA</subfield>
    <subfield code="b">rus</subfield>
    <subfield code="c">UA-OsUOA</subfield>
    <subfield code="d">UA-OsUOA</subfield>
  </datafield>
  <datafield tag="245" ind1=" " ind2=" ">
    <subfield code="a">&#x41C;&#x430;&#x442;&#x435;&#x440;&#x456;&#x430;&#x43B;&#x438; &#x406;-&#x406;&#x406;&#x406; &#x43D;&#x430;&#x443;&#x43A;&#x43E;&#x432;&#x43E;-&#x43A;&#x440;&#x430;&#x454;&#x437;&#x43D;&#x430;&#x432;&#x447;&#x438;&#x445; &#x43A;&#x43E;&#x43D;&#x444;&#x435;&#x440;&#x435;&#x43D;&#x446;&#x456;&#x439; "&#x41E;&#x441;&#x442;&#x440;&#x456;&#x433; &#x43D;&#x430; &#x43F;&#x43E;&#x440;&#x43E;&#x437;&#x456; 900-&#x440;&#x456;&#x447;&#x447;&#x44F; (1990 - 1992 &#x440;&#x440;.)"</subfield>
  </datafield>
  <datafield tag="300" ind1=" " ind2=" ">
    <subfield code="a">118 &#x441;.</subfield>
  </datafield>
  <datafield tag="955" ind1=" " ind2=" ">
    <subfield code="a">2</subfield>
  </datafield>
  <datafield tag="041" ind1=" " ind2=" ">
    <subfield code="a">rus</subfield>
  </datafield>
  <datafield tag="080" ind1=" " ind2=" ">
    <subfield code="a">908</subfield>
  </datafield>
  <datafield tag="260" ind1=" " ind2=" ">
    <subfield code="a">&#x41E;&#x441;&#x442;&#x440;&#x43E;&#x433;</subfield>
    <subfield code="c">1992</subfield>
  </datafield>
  <datafield tag="246" ind1="3" ind2="1">
    <subfield code="a">2</subfield>
    <subfield code="n"></subfield>
  </datafield>
  <datafield tag="650" ind1=" " ind2="7">
    <subfield code="a">908 &#x41A;&#x440;&#x430;&#x454;&#x437;&#x43D;&#x430;&#x432;&#x441;&#x442;&#x432;&#x43E;</subfield>
    <subfield code="2">UDC</subfield>
  </datafield>
  <datafield tag="999" ind1=" " ind2=" ">
    <subfield code="c">348573</subfield>
    <subfield code="d">348573</subfield>
  </datafield>
</record>
